[Event "C.to Europeo U14"]
[Site "Fermo ITA"]
[Date "2009.09.01"]
[Round "2"]
[White "Bukavshin, Ivan"]
[Black "Malec, Sebastian"]
[Result "1-0"]
[WhiteElo "2404"]
[BlackElo "2041"]
[PlyCount "91"]
[EventDate "2009.08.31"]

1. c4 Nf6 2. Nc3 e6 3. Nf3 Bb4 4. Qc2 O-O 5. a3 Bxc3 6. Qxc3 b6 7. e3 Bb7 8.
Be2 d6 9. O-O Nbd7 10. b4 Ne4 11. Qc2 f5 12. d4 Rf6 13. d5 c5 14. dxc6 Bxc6 15.
Nd4 Bb7 16. f3 Ng5 17. e4 f4 18. Nb5 e5 19. Rd1 Nf7 20. Bf1 a6 21. Nc3 Rc8 22.
a4 g5 23. Qf2 Rg6 24. Nd5 g4 25. fxg4 Rxg4 26. Ra3 Rg6 27. Re1 Ng5 28. g3 Nxe4
29. Rxe4 Bxd5 30. Re1 Rxc4 31. Bxc4 Bxc4 32. Bxf4 exf4 33. Qxf4 Bf7 34. Rf3 Qf6
35. Qe4 d5 36. Qe3 Qg7 37. Qe7 Nf8 38. Ref1 Re6 39. Qxf7+ Qxf7 40. Rxf7 Ng6 41.
Rd7 Re4 42. Rc1 Ne7 43. Rcc7 Kf7 44. Rxd5 Ke6 45. Rh5 Kd6 46. Rb7 1-0

[Event "C.to Europeo U14"]
[Site "Fermo ITA"]
[Date "2009.09.01"]
[Round "2"]
[White "Di Giacobbe, Matteo"]
[Black "Cavaliere, Simone"]
[Result "1-0"]
[WhiteElo "1545"]
[BlackElo "1868"]
[PlyCount "47"]
[EventDate "2009.08.31"]

1. e4 e5 2. Nf3 Nc6 3. Bb5 d6 4. d4 Bd7 5. O-O Nf6 6. Re1 g6 7. Nc3 Bg7 8. Be3
O-O 9. Qd2 Ng4 10. h3 Nxe3 11. fxe3 Qf6 12. d5 Nb8 13. Rad1 Bxh3 14. Nxe5 Bxg2
15. Ng4 Qf3 16. Qxg2 Qxg2+ 17. Kxg2 c6 18. Bc4 Rd8 19. Rf1 c5 20. Nf6+ Kh8 21.
e5 Nd7 22. Nxd7 Rxd7 23. exd6 Rxd6 24. Rxf7 1-0

[Event "C.to Europeo U14"]
[Site "Fermo ITA"]
[Date "2009.09.01"]
[Round "2"]
[White "Djordjevic, Danilo"]
[Black "Berbatov, Kiprian"]
[Result "0-1"]
[WhiteElo "2056"]
[BlackElo "2398"]
[PlyCount "76"]
[EventDate "2009.08.31"]

1. e4 c5 2. Nc3 d6 3. g3 g6 4. Bg2 Bg7 5. d3 Nc6 6. f4 e6 7. Nf3 Nge7 8. O-O
O-O 9. Be3 b6 10. d4 d5 11. e5 Nf5 12. Bf2 cxd4 13. Nxd4 Ncxd4 14. Bxd4 Ba6 15.
Re1 Nxd4 16. Qxd4 Qc7 17. Qa4 Bb7 18. Rad1 Rfc8 19. Kh1 a6 20. Re2 b5 21. Qd4
Qa5 22. a3 Rc4 23. Qd2 Rac8 24. h4 b4 25. Nb1 Qb6 26. axb4 Rxb4 27. c3 Rb3 28.
g4 a5 29. Na3 Ba6 30. Rf2 Rb8 31. f5 Rxb2 32. Nc2 Bxe5 33. f6 Qb3 34. Qh6 Bxf6
35. Rxf6 Qxc2 36. Rg1 Qxc3 37. g5 Rxg2 38. Kxg2 Rb3 0-1

[Event "C.to Europeo U14"]
[Site "Fermo ITA"]
[Date "2009.09.01"]
[Round "2"]
[White "Doros, Radu-Marian"]
[Black "Tejedor Fuentes, Enrique"]
[Result "1/2-1/2"]
[WhiteElo "2192"]
[BlackElo "2004"]
[PlyCount "125"]
[EventDate "2009.08.31"]

1. e4 c5 2. Nf3 d6 3. d4 cxd4 4. Nxd4 Nf6 5. Nc3 a6 6. Be2 e6 7. f4 Qc7 8. O-O
b5 9. Bf3 Bb7 10. e5 dxe5 11. fxe5 Bxf3 12. Qxf3 Qxe5 13. Qxa8 Qxd4+ 14. Kh1
Bd6 15. Bg5 Qb6 16. Bxf6 gxf6 17. Rad1 f5 18. Qf3 Qc7 19. Qh5 Nc6 20. Rfe1 Ne5
21. Qe2 Ng4 22. h3 h5 23. Qf3 Kf8 24. Re2 Ba3 25. g3 Bxb2 26. Nb1 Be5 27. Kg2
Nf6 28. Qe3 Ne4 29. Nd2 Rg8 30. Nxe4 fxe4 31. Qa3+ Ke8 32. Qxa6 Rxg3+ 33. Kf1
Rf3+ 34. Kg2 Bd4 35. Qxb5+ Ke7 36. Qg5+ Bf6 37. Qxh5 Qg3+ 38. Kh1 Be5 39. Rg1
Qxh3+ 40. Qxh3 Rxh3+ 41. Kg2 Rg3+ 42. Kh1 Rh3+ 43. Kg2 Rh4 44. c4 f5 45. a4
Rh2+ 46. Kf1 Rh3 47. Rgg2 Bd4 48. Ra2 f4 49. Rh2 Rg3 50. Rhg2 Rf3+ 51. Ke1 Rb3
52. Rg4 Be3 53. Ra1 Kf6 54. a5 Kf5 55. Rg8 f3 56. a6 Rb2 57. Rf8+ Kg4 58. Rg8+
Kf5 59. a7 Re2+ 60. Kd1 Rd2+ 61. Ke1 Re2+ 62. Kd1 Rd2+ 63. Ke1 1/2-1/2

[Event "C.to Europeo U14"]
[Site "Fermo ITA"]
[Date "2009.09.01"]
[Round "2"]
[White "Gianmaria, Alessandro"]
[Black "Fagnani, Alessandro"]
[Result "0-1"]
[WhiteElo "1437"]
[BlackElo "1852"]
[PlyCount "80"]
[EventDate "2009.08.31"]

1. e4 e5 2. Nc3 Nc6 3. Bc4 Bc5 4. Nf3 d6 5. d3 Bg4 6. h3 Bh5 7. g4 Bg6 8. Ng5
h5 9. f3 a6 10. f4 exf4 11. Bxf4 Nf6 12. Nd5 hxg4 13. h4 g3 14. Bxg3 Nxd5 15.
Bxd5 Qxg5 16. hxg5 Rxh1+ 17. Kd2 Rxd1+ 18. Rxd1 O-O-O 19. e5 Nxe5 20. Re1 c6
21. Be4 Bxe4 22. Rxe4 Nf3+ 23. Ke2 Nxg5 24. Rg4 Ne6 25. b4 f5 26. Rg6 Re8 27.
bxc5 Nf4+ 28. Kf3 Nxg6 29. cxd6 Kd7 30. c4 f4 31. Bxf4 Rf8 32. Kg4 Nxf4 33. c5
Nxd3 34. a3 Nxc5 35. a4 Nxa4 36. Kg5 Kxd6 37. Kg6 Ke6 38. Kxg7 Rf2 39. Kh7 Kf6
40. Kh6 Rh2# 0-1

[Event "C.to Europeo U14"]
[Site "Fermo ITA"]
[Date "2009.09.01"]
[Round "2"]
[White "Hampel, Felix"]
[Black "Bortnik, Alexandr"]
[Result "0-1"]
[WhiteElo "2040"]
[BlackElo "2308"]
[PlyCount "78"]
[EventDate "2009.08.31"]

1. e4 Nf6 2. e5 Nd5 3. d4 d6 4. Nf3 dxe5 5. Nxe5 c6 6. Be2 Bf5 7. O-O Nd7 8.
Nf3 e6 9. c4 N5f6 10. Nc3 Bd6 11. Bg5 O-O 12. Qd2 Qb8 13. Rad1 h6 14. Be3 Ne4
15. Nxe4 Bxe4 16. h3 b5 17. d5 exd5 18. cxb5 cxb5 19. Nd4 a6 20. f3 Bg6 21. Nc6
Qe8 22. Bf2 Rc8 23. Rc1 Nf6 24. Nd4 Rxc1 25. Rxc1 Nh5 26. Rc6 Qe5 27. Bh4 Qh2+
28. Kf2 Bf4 29. Qc3 Re8 30. Rc8 Be3+ 31. Qxe3 Rxc8 32. Nc6 Kh7 33. Ne7 Rc2 34.
Nxd5 Rxb2 35. Qe8 Bd3 36. Nc3 Nf4 37. Ke3 Nxe2 38. Kxd3 Qd6+ 39. Ke3 Qd4# 0-1

[Event "C.to Europeo U14"]
[Site "Fermo ITA"]
[Date "2009.09.01"]
[Round "2"]
[White "Mamaliga, Laurentiu"]
[Black "Tallo Dominguez, Imar"]
[Result "0-1"]
[WhiteElo "1690"]
[BlackElo "2124"]
[PlyCount "31"]
[EventDate "2009.08.31"]

1. e4 c5 2. Nf3 Nf6 3. e5 Nd5 4. c4 Nc7 5. d4 cxd4 6. Nxd4 g6 7. Be2 Bg7 8. f4
d6 9. exd6 Qxd6 10. Be3 Nc6 11. Nxc6 Qxc6 12. Bd4 e5 13. Bf3 Qxc4 14. fxe5 Nb5
15. Bc3 Nxc3 16. bxc3 0-1

[Event "C.to Europeo U14"]
[Site "Fermo ITA"]
[Date "2009.09.01"]
[Round "2"]
[White "Melnyk, Igor"]
[Black "Zier, Oliver"]
[Result "0-1"]
[WhiteElo "1931"]
[BlackElo "2103"]
[PlyCount "152"]
[EventDate "2009.08.31"]

1. e4 e6 2. d4 d5 3. Nc3 Nf6 4. Bg5 Bb4 5. e5 h6 6. Bd2 Bxc3 7. bxc3 Ne4 8. Qg4
Kf8 9. Nf3 c5 10. Bd3 Nxd2 11. Nxd2 Qa5 12. O-O Qxc3 13. Nf3 c4 14. Be2 Qxc2
15. Bd1 Qf5 16. Qg3 Nc6 17. Ba4 Nb4 18. Rfd1 Kg8 19. a3 Nd3 20. Bc2 b6 21. a4
Bd7 22. h4 Qf4 23. Bxd3 Qxg3 24. fxg3 cxd3 25. Rxd3 Rc8 26. a5 b5 27. Nd2 f6
28. exf6 gxf6 29. Rf1 Kg7 30. Nb3 Rc4 31. Nc5 Bc8 32. Re3 Re8 33. Ref3 Rf8 34.
Nb3 h5 35. Rd3 Rf7 36. Rdf3 Kg6 37. Rd3 Kg7 38. Rdf3 Kg6 39. Rd3 b4 40. Nd2 Rc3
41. Rxc3 bxc3 42. Nb1 c2 43. Na3 Ba6 44. Rc1 Bd3 45. Kf2 Rb7 46. Ke1 Be4 47.
Kd2 Rc7 48. Nb5 Rc4 49. Ke3 a6 50. Nd6 Rc3+ 51. Kd2 Rxg3 52. Nxe4 dxe4 53. Kxc2
Ra3 54. Re1 f5 55. Kd2 Rxa5 56. Ke3 Kf6 57. Rb1 Ra3+ 58. Kf4 a5 59. Rb6 Rd3 60.
Ra6 Rxd4 61. Rxa5 Rd2 62. Kg3 Rd3+ 63. Kf4 Rc3 64. Rb5 Ra3 65. Rc5 Ra8 66. Kg3
Rg8+ 67. Kf2 e3+ 68. Kf3 e2 69. Rc1 Rg4 70. Re1 Re4 71. g3 Ke5 72. Kf2 f4 73.
Kf3 fxg3 74. Kxg3 Kd4 75. Kf3 Kd3 76. Kf2 Kd2 0-1

[Event "C.to Europeo U14"]
[Site "Fermo ITA"]
[Date "2009.09.01"]
[Round "2"]
[White "Popov, Mikhail"]
[Black "Grigoryan, Karen H."]
[Result "0-1"]
[WhiteElo "2017"]
[BlackElo "2254"]
[PlyCount "58"]
[EventDate "2009.08.31"]

1. e4 c5 2. Nf3 d6 3. b4 cxb4 4. d4 Nf6 5. Bd3 e6 6. h4 Nc6 7. Bb2 d5 8. e5 Ne4
9. Qe2 Be7 10. Bxe4 dxe4 11. Qxe4 Qd5 12. Qg4 O-O 13. Rh3 f5 14. Qf4 Qc4 15.
Qc1 b6 16. Nbd2 Qb5 17. Nf1 Ba6 18. Ng3 f4 19. Qd2 fxg3 20. O-O-O gxf2 21. Qxf2
Qe2 22. Qg3 Rac8 23. Re1 Qc4 24. Kb1 Nd8 25. h5 Qxc2+ 26. Ka1 Bc4 27. h6 g6 28.
Rc1 Qa4 29. Rxc4 Qd1+ 0-1

[Event "C.to Europeo U14"]
[Site "Fermo ITA"]
[Date "2009.09.02"]
[Round "3"]
[White "Berbatov, Kiprian"]
[Black "Lukovic, Vladimir"]
[Result "1-0"]
[WhiteElo "2398"]
[BlackElo "2115"]
[PlyCount "95"]
[EventDate "2009.08.31"]

1. e4 e5 2. Nf3 Nc6 3. Bb5 a6 4. Ba4 Nf6 5. O-O Be7 6. Re1 b5 7. Bb3 d6 8. c3
O-O 9. h3 Na5 10. Bc2 c5 11. d4 Qc7 12. d5 Nc4 13. b3 Nb6 14. a4 bxa4 15. bxa4
Bd7 16. Nbd2 a5 17. Nf1 Rfb8 18. N3h2 g6 19. Ne3 Be8 20. c4 Nbd7 21. Bd2 Rb7
22. g3 Bf8 23. f4 Bg7 24. f5 g5 25. h4 h6 26. hxg5 hxg5 27. Nf3 Nh7 28. f6 Bxf6
29. Kg2 Bg7 30. Rh1 f6 31. Nf5 Ndf8 32. Rb1 Rab8 33. Rxb7 Rxb7 34. Qa1 Ng6 35.
Rb1 Ra7 36. Qb2 Ne7 37. Qb8 Qxb8 38. Rxb8 Nxf5 39. Rxe8+ Kf7 40. Re6 Nd4 41.
Nxd4 cxd4 42. Rxd6 Rb7 43. Bc1 d3 44. Bxd3 Rb3 45. Be2 Rc3 46. Rd7+ Kg8 47. d6
Rxc1 48. Rxg7+ 1-0

[Event "C.to Europeo U14"]
[Site "Fermo ITA"]
[Date "2009.09.02"]
[Round "3"]
[White "Bortnik, Alexandr"]
[Black "Nenezic, Marko"]
[Result "1-0"]
[WhiteElo "2308"]
[BlackElo "2090"]
[PlyCount "65"]
[EventDate "2009.08.31"]

1. e4 c5 2. c3 d5 3. exd5 Qxd5 4. d4 Nc6 5. Nf3 Bg4 6. Be2 Nf6 7. h3 Bh5 8. c4
Qd6 9. d5 Bxf3 10. Bxf3 Nd4 11. O-O g6 12. Nc3 a6 13. Be3 Nxf3+ 14. Qxf3 Bg7
15. Bf4 Qd7 16. d6 O-O 17. dxe7 Qxe7 18. Rfe1 Qd7 19. Rad1 Qf5 20. g4 Qc8 21.
g5 Nd7 22. Nd5 Qd8 23. Qg4 f5 24. gxf6 Nxf6 25. Qe6+ Kh8 26. Nb6 Re8 27. Nxa8
Qxa8 28. Qb6 Rf8 29. Bd6 Rg8 30. Be7 Nh5 31. Rd8 Rxd8 32. Bxd8 Bf8 33. Re8 1-0

[Event "C.to Europeo U14"]
[Site "Fermo ITA"]
[Date "2009.09.02"]
[Round "3"]
[White "Di Giacobbe, Matteo"]
[Black "Melnyk, Igor"]
[Result "1-0"]
[WhiteElo "1545"]
[BlackElo "1931"]
[PlyCount "63"]
[EventDate "2009.08.31"]

1. e4 c5 2. Nf3 d6 3. d4 cxd4 4. Nxd4 Nf6 5. Nc3 g6 6. Be3 Bg7 7. f3 O-O 8. Qd2
Nc6 9. O-O-O d5 10. Kb1 e5 11. Nxc6 bxc6 12. exd5 cxd5 13. Nxd5 Be6 14. Nxf6+
Bxf6 15. Qxd8 Rfxd8 16. Rxd8+ Rxd8 17. Be2 Kg7 18. Rd1 Rb8 19. h3 a5 20. a3 Be7
21. Kc1 g5 22. g4 f5 23. Bd3 f4 24. Bd2 a4 25. Bc3 Kf6 26. Re1 Bd6 27. Be4 Rc8
28. Rh1 h6 29. h4 Bxa3 30. hxg5+ hxg5 31. Rh6+ Ke7 32. Rxe6+ 1-0

[Event "C.to Europeo U14"]
[Site "Fermo ITA"]
[Date "2009.09.02"]
[Round "3"]
[White "Giovanzanti, Francesco"]
[Black "Marconi, Luca"]
[Result "1/2-1/2"]
[WhiteElo "1599"]
[BlackElo "1767"]
[PlyCount "49"]
[EventDate "2009.08.31"]

1. e4 c6 2. d4 d5 3. e5 Bf5 4. h4 h5 5. Nc3 e6 6. Be3 Nd7 7. Bd3 Bxd3 8. Qxd3
Bb4 9. O-O-O a6 10. a3 Be7 11. Nf3 c5 12. Bg5 Bxg5+ 13. Nxg5 Nh6 14. g3 Qc7 15.
f4 cxd4 16. Qxd4 Nf5 17. Qf2 Rc8 18. Rd2 Nc5 19. Kb1 Qc6 20. Re1 Ke7 21. Nf3
Rc7 22. Nd4 Nxd4 23. Qxd4 Rd7 24. Rde2 Rhd8 25. Re3 1/2-1/2

[Event "C.to Europeo U14"]
[Site "Fermo ITA"]
[Date "2009.09.02"]
[Round "3"]
[White "Grigoryan, Karen H."]
[Black "Pluzyan, Aram"]
[Result "1-0"]
[WhiteElo "2254"]
[BlackElo "2081"]
[PlyCount "67"]
[EventDate "2009.08.31"]

1. d4 Nf6 2. g3 g6 3. Bg2 Bg7 4. e4 d6 5. Ne2 a6 6. O-O O-O 7. f4 c5 8. e5 dxe5
9. dxe5 Qxd1 10. Rxd1 Ne8 11. Be3 Nd7 12. Bxb7 Bxb7 13. Rxd7 Bf3 14. Nec3 f6
15. Nd2 Bc6 16. Rxe7 fxe5 17. fxe5 Rb8 18. Nc4 Rb4 19. b3 Rf3 20. Re1 h5 21.
Re6 Bd7 22. Rxg6 Bf5 23. Rxa6 Bxc2 24. Nd2 Rf5 25. Bxc5 Rg4 26. Ra8 Kf7 27. e6+
Kg6 28. Rxe8 Rxc5 29. Ne2 Re5 30. Nf3 Ree4 31. h3 Rxe2 32. Rxe2 Rxg3+ 33. Kf2
Rxh3 34. Rxc2 1-0

[Event "C.to Europeo U14"]
[Site "Fermo ITA"]
[Date "2009.09.02"]
[Round "3"]
[White "Kalmar, Miksa"]
[Black "Dazj, Andrea"]
[Result "1/2-1/2"]
[WhiteElo "1851"]
[BlackElo "1515"]
[PlyCount "84"]
[EventDate "2009.08.31"]

1. e4 c5 2. Nf3 d6 3. d4 cxd4 4. Nxd4 Nf6 5. Nc3 a6 6. h3 e5 7. Nde2 Be7 8. g4
h6 9. Bg2 Nbd7 10. O-O b5 11. Be3 Bb7 12. f4 Qc7 13. g5 hxg5 14. fxg5 Nh5 15.
Nd5 Qd8 16. Nec3 Rc8 17. Qf3 f6 18. Qf5 Bxd5 19. Nxd5 Nf8 20. gxf6 Bxf6 21. a4
Ng3 22. Nxf6+ gxf6 23. Qxf6 Nxf1 24. Qxf1 Rxc2 25. axb5 Rg8 26. Bf2 a5 27. b6
Rxb2 28. Rxa5 Rxb6 29. Qc1 Qb8 30. Qc4 Rg7 31. Qa4+ Kf7 32. Bxb6 Qxb6+ 33. Kh2
Qf2 34. Ra7+ Kf6 35. Rxg7 Kxg7 36. Qa3 Qf4+ 37. Kg1 Ne6 38. Qxd6 Qe3+ 39. Kh1
Qc1+ 40. Kh2 Qf4+ 41. Kg1 Qe3+ 42. Kf1 Qf4+ 1/2-1/2

[Event "C.to Europeo U14"]
[Site "Fermo ITA"]
[Date "2009.09.02"]
[Round "3"]
[White "Marsili, Riccardo"]
[Black "Mamaliga, Laurentiu"]
[Result "1/2-1/2"]
[WhiteElo "1873"]
[BlackElo "1690"]
[PlyCount "42"]
[EventDate "2009.08.31"]

1. e4 c5 2. Nf3 e6 3. d4 cxd4 4. Nxd4 Nf6 5. Nc3 Nc6 6. Be3 Bb4 7. f3 d5 8.
Nxc6 bxc6 9. e5 Nd7 10. f4 c5 11. Bd2 Bb7 12. Nb5 Bxd2+ 13. Qxd2 O-O 14. Be2 f6
15. Bg4 f5 16. Bf3 Qb6 17. Nc3 Ba6 18. b3 Rad8 19. Be2 Bxe2 20. Nxe2 c4 21. Qd4
Qa5+ 1/2-1/2

[Event "C.to Europeo U14"]
[Site "Fermo ITA"]
[Date "2009.09.02"]
[Round "3"]
[White "Meng, Roger"]
[Black "Fridgeirsson, Dagur Andri"]
[Result "1-0"]
[WhiteElo "1945"]
[BlackElo "1775"]
[PlyCount "45"]
[EventDate "2009.08.31"]

1. e4 c5 2. Nf3 Nc6 3. d4 cxd4 4. Nxd4 Qb6 5. Nb3 Nf6 6. Nc3 e6 7. Qe2 d6 8.
Be3 Qc7 9. O-O-O a6 10. g4 h6 11. h4 g6 12. f4 b5 13. Bg2 Nd7 14. h5 gxh5 15.
Rxh5 Nb6 16. e5 d5 17. Bxb6 Qxb6 18. Bxd5 exd5 19. Nxd5 Qa7 20. Nf6+ Ke7 21.
Qe4 Nd8 22. Qb4+ Ke6 23. Rd6+ 1-0

[Event "C.to Europeo U14"]
[Site "Fermo ITA"]
[Date "2009.09.02"]
[Round "3"]
[White "Ostovic, Matija"]
[Black "Santos Latasa, Jaime"]
[Result "1/2-1/2"]
[WhiteElo "2090"]
[BlackElo "2256"]
[PlyCount "88"]
[EventDate "2009.08.31"]

1. Nf3 Nf6 2. c4 g6 3. Nc3 Bg7 4. d4 d5 5. cxd5 Nxd5 6. e4 Nxc3 7. bxc3 c5 8.
Be2 O-O 9. O-O Nc6 10. Be3 cxd4 11. cxd4 Bg4 12. d5 Bxa1 13. Qxa1 Na5 14. Bh6
f6 15. Bxf8 Qxf8 16. Qe1 Bxf3 17. Bxf3 Nc4 18. Bg4 Qd8 19. Be6+ Kg7 20. Qb4 Nd6
21. f4 a5 22. Qd4 b5 23. e5 Ne8 24. Rc1 b4 25. Rc6 Nc7 26. exf6+ exf6 27. Qe4
Ra6 28. h3 Rxc6 29. dxc6 Qe7 30. f5 Qc5+ 31. Kh1 Qc1+ 32. Kh2 Qc3 33. Bb3 Qc5
34. fxg6 hxg6 35. Qc4 Qe5+ 36. Kh1 Qe7 37. h4 Qe1+ 38. Kh2 Qe5+ 39. g3 Kh6 40.
Qg8 Qe2+ 41. Kh3 Qf1+ 42. Kh2 Qf2+ 43. Kh3 Qf5+ 44. Kh2 Qf2+ 1/2-1/2

[Event "C.to Europeo U14"]
[Site "Fermo ITA"]
[Date "2009.09.02"]
[Round "3"]
[White "Ozdover, Mustafa Berkay"]
[Black "Vitale, Romualdo"]
[Result "1-0"]
[WhiteElo "1765"]
[BlackElo "1623"]
[PlyCount "55"]
[EventDate "2009.08.31"]

1. d4 Nf6 2. g3 c5 3. c3 e6 4. Bg2 d5 5. Nf3 Nbd7 6. O-O Bd6 7. Re1 O-O 8. Nbd2
cxd4 9. cxd4 Qb6 10. b3 Rd8 11. Bb2 a5 12. e4 dxe4 13. Ng5 Bb4 14. Ngxe4 Nxe4
15. Rxe4 Nf6 16. Nc4 Qb5 17. Re5 Nd5 18. Qg4 f6 19. Rh5 e5 20. Qh4 h6 21. dxe5
g5 22. Qe4 f5 23. Qe2 Ra6 24. Rd1 Kf7 25. Nd6+ Rdxd6 26. Qxb5 Rab6 27. Bxd5+
Kg6 28. Qe8+ 1-0

[Event "C.to Europeo U14"]
[Site "Fermo ITA"]
[Date "2009.09.02"]
[Round "3"]
[White "Tejedor Fuentes, Enrique"]
[Black "Alcaraz Ortega, Javier"]
[Result "1-0"]
[WhiteElo "2004"]
[BlackElo "2243"]
[PlyCount "77"]
[EventDate "2009.08.31"]

1. e4 c5 2. Nf3 e6 3. d4 cxd4 4. Nxd4 a6 5. Bd3 Bc5 6. Nb3 Ba7 7. O-O Nc6 8.
Qg4 Nf6 9. Qxg7 Rg8 10. Qh6 Ne5 11. Nc3 Rg6 12. Qh3 b5 13. Be3 Bb8 14. f4 Neg4
15. e5 Rh6 16. Qg3 Nxe3 17. exf6 Qxf6 18. Qxe3 Ba7 19. Nc5 d6 20. N3e4 Bxc5 21.
Nxc5 dxc5 22. Be4 Rb8 23. Qxc5 Bd7 24. Rad1 Qe7 25. Qe5 Rd8 26. Qg7 Qc5+ 27.
Kh1 Qf8 28. Qe5 f5 29. Bf3 Qf6 30. Qc7 Qh4 31. h3 Qe7 32. Rxd7 Rxd7 33. Bc6 Qd8
34. Qe5 Kf7 35. Bxd7 Qxd7 36. Rf3 Rg6 37. Rc3 Qd5 38. Rc7+ Ke8 39. Qh8+ 1-0

[Event "C.to Europeo U14"]
[Site "Fermo ITA"]
[Date "2009.09.02"]
[Round "3"]
[White "Zier, Oliver"]
[Black "Bukavshin, Ivan"]
[Result "0-1"]
[WhiteElo "2103"]
[BlackElo "2404"]
[PlyCount "46"]
[EventDate "2009.08.31"]

1. d4 Nf6 2. c4 e6 3. Nc3 Bb4 4. Bg5 c5 5. d5 h6 6. Bh4 O-O 7. e3 b5 8. cxb5 g5
9. Bg3 Nxd5 10. Rc1 Qf6 11. Qb3 a6 12. a3 Ba5 13. Bd6 Re8 14. Bxc5 Nxc3 15.
bxc3 axb5 16. Bxb5 Bb7 17. f3 Na6 18. Bd6 e5 19. Bc4 Qxd6 20. Bxf7+ Kf8 21.
Bxe8 Kxe8 22. Qxb7 Rb8 23. Qe4 Nc5 0-1

[Event "C.to Europeo U14"]
[Site "Fermo ITA"]
[Date "2009.09.03"]
[Round "4"]
[White "Binder, Moriz"]
[Black "Landi, Filippo"]
[Result "1-0"]
[WhiteElo "1832"]
[BlackElo "1515"]
[PlyCount "101"]
[EventDate "2009.08.31"]

1. d4 d5 2. c4 e6 3. Nf3 Nf6 4. g3 Nc6 5. Bg2 Be7 6. O-O O-O 7. Qc2 Bd7 8. a3
Re8 9. b4 Bf8 10. Bb2 g6 11. Nbd2 Bg7 12. Rac1 Ne7 13. cxd5 Nexd5 14. e4 Nb6
15. Qxc7 Qxc7 16. Rxc7 Bc6 17. Ne5 Rac8 18. Rxc8 Rxc8 19. Nxc6 Rxc6 20. Rc1
Rxc1+ 21. Bxc1 Bh6 22. Kf1 Nfd7 23. Ke2 Bxd2 24. Kxd2 e5 25. d5 Nf6 26. f3 Kf8
27. Kc3 Nc8 28. Kc4 Nd7 29. f4 f6 30. Bb2 Ke7 31. a4 Nd6+ 32. Kd3 Nc8 33. Bh3
exf4 34. gxf4 Nd6 35. Bxd7 Kxd7 36. Bxf6 Ne8 37. Be5 Ke7 38. Kc4 Nd6+ 39. Bxd6+
Kxd6 40. e5+ Kd7 41. a5 h6 42. h4 h5 43. Kc5 Kc7 44. d6+ Kd7 45. Kd5 a6 46. e6+
Kd8 47. Kc5 Kc8 48. Kb6 Kd8 49. Kxb7 Ke8 50. d7+ Kd8 51. Kc6 1-0

[Event "C.to Europeo U14"]
[Site "Fermo ITA"]
[Date "2009.09.03"]
[Round "4"]
[White "Bukavshin, Ivan"]
[Black "Grigoryan, Karen H."]
[Result "1-0"]
[WhiteElo "2404"]
[BlackElo "2254"]
[PlyCount "59"]
[EventDate "2009.08.31"]

1. e4 c5 2. Nc3 Nc6 3. Nf3 d6 4. d4 cxd4 5. Nxd4 Nf6 6. Bg5 e6 7. Qd2 a6 8.
O-O-O Be7 9. f4 Nxd4 10. Qxd4 b5 11. Be2 Bb7 12. Bf3 Qc7 13. Bxf6 gxf6 14. f5
h5 15. Kb1 Rc8 16. fxe6 fxe6 17. Qd2 Qc4 18. Rhe1 Kd7 19. Ne2 Qc5 20. Nf4 Qg5
21. h4 Qxh4 22. Nxe6 Kxe6 23. e5 fxe5 24. Bxb7 Rc5 25. Be4 Rf8 26. Qd3 Rf2 27.
g3 Qg5 28. Qb3+ Kd7 29. Qa3 a5 30. Qxc5 1-0

[Event "C.to Europeo U14"]
[Site "Fermo ITA"]
[Date "2009.09.03"]
[Round "4"]
[White "Clarke, Brandon G.I."]
[Black "Bortnik, Alexandr"]
[Result "0-1"]
[WhiteElo "2014"]
[BlackElo "2308"]
[PlyCount "50"]
[EventDate "2009.08.31"]

1. e4 Nf6 2. e5 Nd5 3. c4 Nb6 4. d4 d6 5. exd6 exd6 6. Nc3 Be7 7. Bd3 O-O 8.
Nge2 Bg4 9. Be3 Bf6 10. O-O Re8 11. Qd2 Nc6 12. b3 Nb4 13. Bb1 c5 14. f3 Bh5
15. Be4 d5 16. cxd5 N6xd5 17. Nxd5 Nxd5 18. Rad1 Nxe3 19. Qxe3 cxd4 20. Nxd4
Qa5 21. Qd2 Qb6 22. Qf2 Rxe4 23. fxe4 Bxd1 24. e5 Rd8 25. exf6 Qxd4 0-1

[Event "C.to Europeo U14"]
[Site "Fermo ITA"]
[Date "2009.09.03"]
[Round "4"]
[White "De Filomeno, Simone"]
[Black "Popov, Mikhail"]
[Result "1-0"]
[WhiteElo "2221"]
[BlackElo "2017"]
[PlyCount "109"]
[EventDate "2009.08.31"]

1. e4 e5 2. Nf3 Nc6 3. Bb5 Nd4 4. Nxd4 exd4 5. O-O Bc5 6. d3 c6 7. Bc4 d5 8.
exd5 cxd5 9. Bb5+ Kf8 10. c4 a6 11. Ba4 dxc4 12. dxc4 Be6 13. Nd2 Nf6 14. h3
Rc8 15. Qf3 Qc7 16. Rd1 Ba7 17. b3 h5 18. Nf1 Bb8 19. Bg5 Qe5 20. Bxf6 gxf6 21.
Qxb7 Rd8 22. Qf3 d3 23. Bc6 Rd4 24. Re1 Qg5 25. Re4 Rd8 26. Re3 d2 27. Rd1 Bf5
28. Be4 Be6 29. Rd3 Re8 30. Bc6 Bg4 31. hxg4 hxg4 32. Qd5 Qh6 33. Rh3 gxh3 34.
Bxe8 Kxe8 35. Qxd2 Qxd2 36. Rxd2 hxg2 37. Kxg2 Be5 38. Ng3 Ke7 39. Rd5 Ra8 40.
Nf5+ Ke6 41. Nd4+ Bxd4 42. Rxd4 Ke5 43. Rd7 a5 44. Rxf7 a4 45. Kf3 axb3 46.
axb3 Rb8 47. Re7+ Kd4 48. Re4+ Kc3 49. Re3+ Kd4 50. Kf4 Rb7 51. Kf5 Rb6 52. Rh3
Kc5 53. Rd3 Kb4 54. f4 Ra6 55. Kg6 1-0

[Event "C.to Europeo U14"]
[Site "Fermo ITA"]
[Date "2009.09.03"]
[Round "4"]
[White "Fridgeirsson, Dagur Andri"]
[Black "McClement, Andrew"]
[Result "0-1"]
[WhiteElo "1775"]
[BlackElo "1893"]
[PlyCount "84"]
[EventDate "2009.08.31"]

1. d4 Nf6 2. c4 e6 3. Nf3 b6 4. Bf4 Bb7 5. e3 Be7 6. h3 O-O 7. Nc3 d5 8. cxd5
exd5 9. Be2 c5 10. dxc5 bxc5 11. O-O Nc6 12. Ne5 Qb6 13. Bf3 Rfd8 14. Bxd5 Nxe5
15. Bxe5 Nxd5 16. Qg4 Qg6 17. Qxg6 hxg6 18. Rac1 Nb4 19. Bh2 Ba6 20. Rfd1 Rxd1+
21. Rxd1 Rd8 22. Rxd8+ Bxd8 23. a3 Nd3 24. Bb8 Bb6 25. b3 Nc1 26. b4 cxb4 27.
axb4 Ne2+ 28. Nxe2 Bxe2 29. Kh2 Kf8 30. Kg3 Ke7 31. Kf4 Kd7 32. Ke4 Bf1 33. Kf3
a6 34. h4 Bc7 35. Ba7 Bd6 36. Bd4 f6 37. Bc3 Kc6 38. g4 Kb5 39. g5 Bxb4 40. Bd4
Be7 41. Ke4 Kc4 42. f4 Bg2# 0-1

[Event "C.to Europeo U14"]
[Site "Fermo ITA"]
[Date "2009.09.03"]
[Round "4"]
[White "Korchmar, Vasiliy"]
[Black "Berbatov, Kiprian"]
[Result "0-1"]
[WhiteElo "2163"]
[BlackElo "2398"]
[PlyCount "60"]
[EventDate "2009.08.31"]

1. e4 c5 2. Nf3 d6 3. d4 cxd4 4. Nxd4 Nf6 5. Nc3 a6 6. Bg5 e6 7. f4 Qc7 8. Qf3
b5 9. O-O-O b4 10. Nce2 Nbd7 11. g4 Bb7 12. Ng3 Rc8 13. Bd3 Be7 14. Kb1 Nc5 15.
Nb3 Na4 16. Nh5 Nxh5 17. Bxe7 Qxe7 18. gxh5 Qf6 19. e5 Bxf3 20. exf6 gxf6 21.
Bxa6 Rb8 22. Nd4 Bxh1 23. Rxh1 Nc5 24. Bb5+ Kf8 25. Bc6 d5 26. Kc1 Rg8 27. h3
Rb6 28. Re1 Rg3 29. f5 e5 30. Ne2 Rxc6 0-1

[Event "C.to Europeo U14"]
[Site "Fermo ITA"]
[Date "2009.09.03"]
[Round "4"]
[White "Pardo Simon, David"]
[Black "Tallo Dominguez, Imar"]
[Result "1-0"]
[WhiteElo "2321"]
[BlackElo "2124"]
[PlyCount "47"]
[EventDate "2009.08.31"]

1. e4 c6 2. Nc3 d5 3. Nf3 Bg4 4. h3 Bh5 5. exd5 cxd5 6. g4 Bg6 7. Bb5+ Nc6 8.
Ne5 Rc8 9. d4 e6 10. Qe2 Nge7 11. h4 h5 12. Bg5 Bh7 13. Qf3 Bg8 14. Bxe7 Bxe7
15. gxh5 a6 16. Bxc6+ bxc6 17. O-O-O Bxh4 18. Kb1 Be7 19. Rhg1 Rh7 20. Qd3 Qa5
21. h6 g6 22. Rxg6 fxg6 23. Qxg6+ Rf7 24. h7 1-0

[Event "C.to Europeo U14"]
[Site "Fermo ITA"]
[Date "2009.09.03"]
[Round "4"]
[White "Salvioli, Alessandro"]
[Black "Giovanzanti, Francesco"]
[Result "1/2-1/2"]
[WhiteElo "1866"]
[BlackElo "1599"]
[PlyCount "75"]
[EventDate "2009.08.31"]

1. e4 e5 2. Nf3 Nc6 3. Bc4 Nf6 4. d3 Bc5 5. c3 d6 6. O-O O-O 7. Nbd2 h6 8. h3
Qe7 9. Re1 Be6 10. Bb3 Bb6 11. Nf1 Bxb3 12. axb3 Rfe8 13. Ng3 Qd7 14. Nh4 Kh7
15. Nhf5 Ng8 16. Qg4 g6 17. Nxh6 Qxg4 18. Nxg4 Rad8 19. Bg5 Rd7 20. b4 a6 21.
Rad1 Kg7 22. Be3 Bxe3 23. Nxe3 Nf6 24. b3 Red8 25. Nd5 Nxd5 26. exd5 Ne7 27. c4
c6 28. dxc6 Nxc6 29. Ne2 Nxb4 30. d4 Nc2 31. Rf1 Nb4 32. d5 b5 33. cxb5 axb5
34. Nc3 Rb7 35. f4 f6 36. Rd2 Na6 37. g4 Nc5 38. b4 1/2-1/2